| 000 | 00758nam a22002057a 4500 | ||
|---|---|---|---|
| 005 | 20170814142121.0 | ||
| 010 | _aENG-119427 | ||
| 020 | _c81.00 | ||
| 035 | _aEN-102959 | ||
| 037 | _bDBAD/PUB | ||
| 082 | _a621.3815 | ||
| 100 | _aAkula,Rajesh | ||
| 245 |
_aDigital electronics and micro controllers : _cby Rajesh Akula [and] Chanderashekhar Akula _bincluding laboratory manual for polytecnic E.E.E.-IV Semester (Second year) / |
||
| 260 |
_aNew Delhi _bV.G.S. Book Links _c2012 |
||
| 270 |
_a5-6-59/3,Second Floor Tammina Krishna Street, Behind Sairam Theatre _bVijyawada _e520009 |
||
| 300 |
_aVarious Pagings : _c22cm(pbk) _bill. |
||
| 490 | _aTechno Series | ||
| 700 | _a Akula,Chanderashekhar | ||
| 942 |
_2ddc _cEN _h621.3815 _mAKU |
||
| 999 |
_c142917 _d142917 |
||